000 00648nam a22002297a 4500
001 7691
003 FISKH
005 20250731111047.0
008 250731b cb ||||| |||| 00| 0 eng d
040 _aFISKH
_beng
_cFISKH
_dFISKH
050 _aPZ7
100 _aGates, Richard
245 _aConservation and you /
_cBy Richard Gates
260 _aChicago :
_bScience Research Associates, Inc.,
_c1959.
300 _a16 pages :
_bcolor illustrations ;
_c21 cm .
505 _aJ
521 8 _a500
_bLexile estimate
521 8 _aJ
_bRaz-Plus
700 _aReneson, Chet
_eIllustrator
942 _2ddc
_cBK
_n0
999 _c7691
_d7691